Statistics for Popular Devices Release Dates

Click here to take the quiz!

General Stats

  • This quiz has been taken 16 times
  • The average score is 11 of 15

Answer Stats

DeviceYear% Correct
PS11994
100%
Original iPad2010
100%
Atari1977
80%
Walkman1979
80%
Sega Genesis1988
80%
Original iPod2001
80%
Nintendo DS2004
80%
Original iPhone2007
80%
Hoverboards2013
80%
iPhone 82017
80%
First Mobile Phone1983
60%
Gameboy1989
60%
First Bluetooth device1999
60%
First TV1925
40%
Record Player1877
20%

Score Distribution

Percentile by Number Answered

Percent of People with Each Score

Your Score History

You have not taken this quiz